عرض عادي
عرض مارك
- Symonds, Ian M
مدخل إسم شخص
001 - رقم الضبط
- حقل الضبط: 45326
003 - معرف رقم الضبط
- حقل الضبط: OSt
005 - تاريخ ووقت أخر عملية
- حقل الضبط: 20140517152806.0
008 - عناصر بيانات ثابتة الطول
- حقل تحكم ثابت الطول: 140517|||a|||||| | ||| d
040 ## - مصدر الفهرسة
- هيئة الفهرسة الأصلية: OSt
- وكالة الكتابة: OSt
100 ## - مدخل -- أسم شخص
- إسم شخص: Symonds, Ian M
670 ## - بيانات المصدر موجوده
- الاستشهاد بالمصدر: Work cat.: (OSt)0: Essential obstetrics and gynaecology /, 2013
